| 000 | 00988nam a22003017a 4500 | ||
|---|---|---|---|
| 001 | 6513 | ||
| 003 | FISKH | ||
| 005 | 20250507122047.0 | ||
| 008 | 250507b cb ||||| |||| 00| 0 eng d | ||
| 020 | _a9780590485234 | ||
| 040 |
_aFISKH _beng _cFISKH _dFISKH |
||
| 050 | _aPZ7.B912 C | ||
| 082 | _a823 | ||
| 100 |
_aBulla, Robert Clyde _d(1914–2007) |
||
| 245 |
_aThe chalk box kid / _cBy Clyde Robert Bulla ; Illustrated by Thomas B. Allen |
||
| 250 | _aThis edition first published in 1987 | ||
| 260 |
_aNew York : _bScholastic, _c1987 |
||
| 300 |
_a59 pages : _billustrations ; _c20 cm |
||
| 505 | _aL | ||
| 520 | _aNine-year-old Gregory's house does not have room for a garden, but he creates a surprising and very different garden in an unusual place. | ||
| 521 | 8 |
_a510
_bLexile |
|
| 521 | 8 |
_aL
_bRaz-Plus |
|
| 650 |
_2Artists _aFriendship |
||
| 650 |
_2Gardens _aImagination |
||
| 700 |
_aB.Allen, Thomas _dillustrator |
||
| 942 |
_2ddc _cBK _n0 |
||
| 999 |
_c6513 _d6513 |
||